Shifting sands : searching for a compromise in the WTO negotiations on agriculture (Record no. 57405)
[ view plain ]
| 000 -LEADER | |
|---|---|
| fixed length control field | 00940nam a2200229 a 4500 |
| 008 - FIXED-LENGTH DATA ELEMENTS--GENERAL INFORMATION | |
| fixed length control field | 060405s2004 ||||||||||||||||| || u |
| 020 ## - INTERNATIONAL STANDARD BOOK NUMBER | |
| International Standard Book Number | 9211126118 |
| 050 ## - LIBRARY OF CONGRESS CALL NUMBER | |
| Classification number | UNCTAD(08)PIITCS |
| 100 ## - MAIN ENTRY--PERSONAL NAME | |
| Personal name | Peters, Ralf |
| 245 10 - TITLE STATEMENT | |
| Title | Shifting sands : searching for a compromise in the WTO negotiations on agriculture |
| Statement of responsibility, etc. | by Ralf Peters; David Vanzetti |
| 250 ## - EDITION STATEMENT | |
| Edition statement | 23 |
| 260 ## - PUBLICATION, DISTRIBUTION, ETC. | |
| Place of publication, distribution, etc. | New York: |
| Name of publisher, distributor, etc. | UNITED NATIONS |
| Date of publication, distribution, etc. | 2004 |
| 300 ## - PHYSICAL DESCRIPTION | |
| Extent | vi, 46p.: ill. |
| 350 ## - PRICE (NR) (BK AM CF MU VM SE) [OBSOLETE] | |
| Price | 0.00 |
| 490 ## - SERIES STATEMENT | |
| Series statement | Policy Issues in International Trade and Commodities Study |
| 650 ## - SUBJECT ADDED ENTRY--TOPICAL TERM | |
| Topical term or geographic name entry element | AGRICUTURE--ZAMBIA |
| 650 ## - SUBJECT ADDED ENTRY--TOPICAL TERM | |
| Topical term or geographic name entry element | TEXTBOOKS |
| 650 ## - SUBJECT ADDED ENTRY--TOPICAL TERM | |
| Topical term or geographic name entry element | WORLD TRADE ORGANIZATION--HIGHER EDUCATION |
| 700 ## - ADDED ENTRY--PERSONAL NAME | |
| Personal name | Vanzetti, David |
| 710 ## - ADDED ENTRY--CORPORATE NAME | |
| Corporate name or jurisdiction name as entry element | United Nations Conference on Trade and Development (UNCTAD) |
| 995 ## - RECOMMENDATION 995 [LOCAL, UNIMARC FRANCE] | |
| -- | 0.00 |
| -- | CBU-MAIN LIBRARY (Kitwe) |
| -- | 1 |
| -- | 0.00 |
| -- | 1 |
| -- | AVAILABLE |
| -- | Apr 5, 2006 |
| -- | International Publications |
| Withdrawn status | Lost status | Source of classification or shelving scheme | Damaged status | Not for loan | Home library | Current library | Shelving location | Date acquired | Total Checkouts | Full call number | Barcode | Date last seen | Price effective from | Koha item type |
|---|---|---|---|---|---|---|---|---|---|---|---|---|---|---|
| CBU-MAIN LIBRARY, KITWE. | CBU-MAIN LIBRARY, KITWE. | 11/30/2022 | UNCTAD(08)PIITCS | 03000022 | 11/30/2022 | 11/30/2022 | MONOGRAPH |